[Event "Int. Stuttgarter Stadtmeisterschaft B"]
[Site "Ditzingen"]
[Date "2016.05.06"]
[Round "4.14"]
[White "Kußmann, Alexander"]
[Black "Santiago, Nicolas"]
[Result "1/2-1/2"]
[WhiteElo "1681"]
[BlackElo "1785"]
[PlyCount "69"]
[EventDate "2016.??.??"]
[WhiteTeam "SC Aidlingen"]
[BlackTeam "SC Kreut"]

1. e3 d5 2. c4 e6 3. Nc3 Nf6 4. Nf3 b6 5. cxd5 Nxd5 6. Be2 Bb7 7. O-O Be7 8. d3
O-O 9. e4 Nf6 10. Bf4 c5 11. h3 Nc6 12. a3 Qd7 13. Ne5 Nxe5 14. Bxe5 Rfd8 15.
Qa4 Qxa4 16. Nxa4 Ba6 17. Rad1 Nxe4 18. Bf3 Bb5 19. Nxb6 axb6 20. Bxe4 Ra7 21.
Rfe1 Rad7 22. g4 Bxd3 23. Bc6 Ra7 24. Re3 Bc4 25. Rxd8+ Bxd8 26. f4 Bc7 27. f5
Bxe5 28. Rxe5 f6 29. Re4 Bd5 30. Bxd5 exd5 31. Re8+ Kf7 32. Rb8 g6 33. fxg6+
Kxg6 34. Rxb6 Ra4 35. Rb5 1/2-1/2

[Event "Int. Stuttgarter Stadtmeisterschaft B"]
[Site "Ditzingen"]
[Date "2016.05.06"]
[Round "4.15"]
[White "Hahn, Martin"]
[Black "Matic, Marijo"]
[Result "1-0"]
[WhiteElo "1784"]
[BlackElo "1567"]
[PlyCount "61"]
[EventDate "2016.??.??"]
[WhiteTeam "SF Oeffingen"]
[BlackTeam "SC Ostfildern"]

1. Nf3 d5 2. e3 Nf6 3. b3 g6 4. Bb2 Bg7 5. c4 O-O 6. cxd5 Nxd5 7. Bxg7 Kxg7 8.
Be2 Nc6 9. d4 Nf6 10. O-O Re8 11. Nc3 e6 12. a3 Nd5 13. Qc2 Nce7 14. e4 Nf4 15.
Bc4 c6 16. Rfd1 Qa5 17. Ne5 f6 18. b4 Qc7 19. Nf3 b5 20. Bf1 Qb8 21. g3 Nh5 22.
e5 Bb7 23. Ne4 Ng8 24. Bg2 a5 25. Nc5 Qc8 26. Nd2 Ne7 27. Nde4 Rd8 28. Nd6 Rxd6
29. exd6 Nd5 30. d7 Qg8 31. Nxb7 1-0

[Event "Int. Stuttgarter Stadtmeisterschaft B"]
[Site "Ditzingen"]
[Date "2016.05.06"]
[Round "4.16"]
[White "Schmedemann, Jörg"]
[Black "Michna, Marcus"]
[Result "1-0"]
[WhiteElo "1633"]
[BlackElo "1784"]
[PlyCount "33"]
[EventDate "2016.??.??"]
[WhiteTeam "SSV Zuffenhausen"]
[BlackTeam "TSF Ditzingen"]

1. e4 e6 2. d4 d5 3. exd5 exd5 4. Nf3 Nf6 5. Bd3 c5 6. c3 c4 7. Bc2 Bd6 8. O-O
O-O 9. Nbd2 h6 10. Re1 Nc6 11. Nf1 Qc7 12. Ng3 Bg4 13. Bf5 Rfe8 14. Bxg4 Rxe1+
15. Nxe1 Re8 16. Bf3 Qd7 17. Bd2 1-0

[Event "Int. Stuttgarter Stadtmeisterschaft B"]
[Site "Ditzingen"]
[Date "2016.05.06"]
[Round "4.17"]
[White "Schütz, Uwe"]
[Black "Yi, Wendy"]
[Result "1-0"]
[WhiteElo "1726"]
[BlackElo "1559"]
[PlyCount "87"]
[EventDate "2016.??.??"]
[WhiteTeam "SC Ostfildern"]
[BlackTeam "SF Kornwestheim"]

1. d4 d5 2. g3 Nf6 3. Bg2 Bf5 4. Nf3 Nbd7 5. O-O e6 6. b3 c5 7. e3 Bd6 8. Bb2
Rc8 9. Nh4 Bg6 10. Nxg6 fxg6 11. Nd2 O-O 12. c4 cxd4 13. exd4 Bb4 14. Qe2 Bxd2
15. Qxd2 Re8 16. Rac1 b6 17. Rfe1 Rc7 18. Ba3 Nf8 19. Bh3 Ne4 20. Qe3 Qf6 21.
Bg2 Rf7 22. Bxe4 dxe4 23. Re2 Rd8 24. Bb2 Qf5 25. Qxe4 Rfd7 26. Rd1 Kf7 27. Rd3
Qxe4 28. Rxe4 Re7 29. Rf3+ Kg8 30. Ba3 Rf7 31. Rxf7 Kxf7 32. Rf4+ Kg8 33. Rxf8+
Rxf8 34. Bxf8 Kxf8 35. f4 Ke7 36. Kf2 Kf6 37. d5 exd5 38. cxd5 Ke7 39. b4 Kd7
40. b5 Kc7 41. Ke3 Kd7 42. Kd4 Kc7 43. Ke5 Kd7 44. a4 1-0

[Event "Int. Stuttgarter Stadtmeisterschaft B"]
[Site "Ditzingen"]
[Date "2016.05.06"]
[Round "4.18"]
[White "Hrsak, Marco"]
[Black "Strauss, Martin"]
[Result "1/2-1/2"]
[WhiteElo "1571"]
[BlackElo "1759"]
[PlyCount "73"]
[EventDate "2016.??.??"]
[WhiteTeam "SC Kirchheim/Teck"]
[BlackTeam "SC Sillenbuch"]

1. e4 e5 2. Nf3 Nc6 3. Bb5 a6 4. Ba4 Nf6 5. O-O b5 6. Bb3 Be7 7. Re1 d6 8. c3
O-O 9. d4 Bg4 10. d5 Na5 11. Bc2 Nc4 12. b3 Nb6 13. Nbd2 c6 14. dxc6 Qc7 15.
Bd3 Qxc6 16. Bb2 Rfe8 17. Nxe5 dxe5 18. f3 Bh5 19. Rc1 Rad8 20. Bf1 Nfd7 21. c4
b4 22. Re2 Bg5 23. Qe1 Nc5 24. Rf2 Qh6 25. Nb1 Be3 26. Qxb4 Bxf2+ 27. Kxf2 Qd6
28. Qa5 Nbd7 29. b4 Nb7 30. Qa4 Qb6+ 31. Ke1 Ndc5 32. Qa3 Ne6 33. c5 Qc7 34. c6
Nbc5 35. bxc5 Qxc6 36. Bxe5 Ng5 37. Bd6 1/2-1/2

[Event "Int. Stuttgarter Stadtmeisterschaft B"]
[Site "Ditzingen"]
[Date "2016.05.06"]
[Round "4.19"]
[White "Bauer, Frank"]
[Black "Holschke, Christian"]
[Result "1/2-1/2"]
[WhiteElo "1490"]
[BlackElo "1723"]
[PlyCount "92"]
[EventDate "2016.??.??"]
[WhiteTeam "SC Feuerbach"]
[BlackTeam "SC Neckarsulm"]

1. Nf3 f5 2. d4 Nf6 3. c4 g6 4. g3 Bg7 5. Bg2 d6 6. O-O O-O 7. Nc3 Qe8 8. d5 e5
9. dxe6 c6 10. Rb1 Bxe6 11. b3 d5 12. cxd5 Nxd5 13. Nxd5 Bxd5 14. Ba3 Rf7 15.
e3 Rd7 16. Nd4 Bxg2 17. Kxg2 Na6 18. b4 Nc7 19. Qb3+ Kh8 20. Bb2 h6 21. Nf3
Rad8 22. Bxg7+ Kxg7 23. Nd4 Nd5 24. Rfe1 Kh7 25. h4 Nf6 26. Rbd1 Rd5 27. Ne2
Rd2 28. Rxd2 Rxd2 29. Nc3 Ng4 30. Re2 Rd3 31. Qc2 Rd7 32. Rd2 Re7 33. Re2 h5
34. a3 Re5 35. e4 fxe4 36. Rxe4 Qf7 37. Rxe5 Nxe5 38. Qe4 Nc4 39. Nb1 Nd6 40.
Qd3 Nc4 41. Nd2 Ne5 42. Qe4 Nd7 43. Qd4 b6 44. Ne4 Kh6 45. Qd2+ Kg7 46. Qd4+
Kh6 1/2-1/2

[Event "Int. Stuttgarter Stadtmeisterschaft B"]
[Site "Ditzingen"]
[Date "2016.05.06"]
[Round "4.20"]
[White "Kelemen, Norbert"]
[Black "Rudhart, Michael"]
[Result "1/2-1/2"]
[WhiteElo "1700"]
[BlackElo "1890"]
[PlyCount "93"]
[EventDate "2016.??.??"]
[WhiteTeam "SC Weiße Dame Ulm"]
[BlackTeam "DJK Stuttgart-Süd"]

1. e4 e6 2. d4 d5 3. e5 c5 4. c3 Nc6 5. Nf3 Qb6 6. Na3 cxd4 7. cxd4 Bb4+ 8. Bd2
Bxa3 9. bxa3 Nxd4 10. Qa4+ Nc6 11. Bb5 Bd7 12. Bb4 Nge7 13. O-O Nxe5 14. Bxd7+
Nxd7 15. Ne5 Nc6 16. Nxd7 Kxd7 17. Rab1 Qc7 18. Rfc1 Rhb8 19. Bd2 Kd8 20. Qh4+
Qe7 21. Qxh7 f6 22. Qd3 Ne5 23. Qb3 Nc4 24. Bb4 Qc7 25. Rd1 a5 26. Bd2 Nxd2 27.
Rxd2 b5 28. Rc2 Qd7 29. Rbc1 b4 30. axb4 axb4 31. h4 Qb7 32. Rc7 Qxc7 33. Rxc7
Kxc7 34. Qg3+ Kc6 35. Qxg7 Rxa2 36. Qxf6 Re8 37. h5 Kd7 38. Qf7+ Re7 39. Qf4 b3
40. Qb4 b2 41. Kh2 Rh7 42. g4 b1=Q 43. Qxb1 Rxf2+ 44. Kg3 Rff7 45. Qb5+ Kd6 46.
Qb6+ Ke5 47. Qe3+ 1/2-1/2

[Event "Int. Stuttgarter Stadtmeisterschaft B"]
[Site "Ditzingen"]
[Date "2016.05.06"]
[Round "4.21"]
[White "Steinmassl, Guido"]
[Black "Ackermann, Hermann"]
[Result "0-1"]
[WhiteElo "1622"]
[BlackElo "1885"]
[PlyCount "60"]
[EventDate "2016.??.??"]
[WhiteTeam "SK Gerlingen"]
[BlackTeam "SC Pforzheim"]

1. c4 e5 2. d3 Bc5 3. Nc3 Nf6 4. Nf3 Nc6 5. e3 O-O 6. Nd2 d5 7. cxd5 Nxd5 8.
Be2 Nxc3 9. bxc3 Qg5 10. Bf3 f5 11. Qb3+ Kh8 12. Qc4 Bd6 13. Bxc6 bxc6 14. Qxc6
Rb8 15. Nc4 Bb7 16. Qa4 Qxg2 17. Rf1 Qxh2 18. e4 fxe4 19. Nxd6 cxd6 20. dxe4
Qh4 21. Qxa7 Bxe4 22. Ba3 Ra8 23. Qd7 Rfd8 24. Qc7 Rxa3 25. Rg1 Qf6 26. Rg3 Rf8
27. O-O-O d5 28. Rdg1 g6 29. Rh3 Qf7 30. Qxe5+ Kg8 0-1

[Event "Int. Stuttgarter Stadtmeisterschaft B"]
[Site "Ditzingen"]
[Date "2016.05.06"]
[Round "4.22"]
[White "Wezel, Sebastian"]
[Black "Kobald, Matthias"]
[Result "1-0"]
[WhiteElo "1870"]
[BlackElo "1699"]
[PlyCount "77"]
[EventDate "2016.??.??"]
[WhiteTeam "SV Dettingen Erms"]
[BlackTeam "SV Stuttgart-Wolfbusch"]

1. e4 c5 2. d4 cxd4 3. c3 dxc3 4. Nxc3 d6 5. Nf3 Nc6 6. Bc4 e6 7. O-O Bd7 8.
Bf4 e5 9. Be3 Be6 10. Qe2 Rc8 11. Bd5 Nf6 12. Rfd1 Be7 13. Rac1 O-O 14. a3 Ng4
15. Bd2 h6 16. h3 Nf6 17. Be3 Qd7 18. b4 b6 19. Bxc6 Rxc6 20. Nxe5 Qe8 21. Nxc6
Qxc6 22. Nd5 Qe8 23. Rc7 Nxd5 24. exd5 Bd7 25. Bd4 Bd8 26. Qxe8 Bxe8 27. Rxa7
f6 28. Rb7 Ba4 29. Rd2 b5 30. Bb6 Bxb6 31. Rxb6 Rd8 32. Re2 Kh7 33. Re6 Kg6 34.
Rexd6 Rxd6 35. Rxd6 Kf5 36. Rd7 g6 37. Re7 Bb3 38. d6 Be6 39. d7 1-0

[Event "Int. Stuttgarter Stadtmeisterschaft B"]
[Site "Ditzingen"]
[Date "2016.05.06"]
[Round "4.23"]
[White "Ellinger, Harald"]
[Black "Gorb, Eugeniusz"]
[Result "1/2-1/2"]
[WhiteElo "1854"]
[BlackElo "1691"]
[PlyCount "54"]
[EventDate "2016.??.??"]
[WhiteTeam "SK Gerlingen"]
[BlackTeam "SK Sachsenheim"]

1. Nf3 c5 2. e3 Nc6 3. d4 cxd4 4. exd4 d5 5. Be2 Nf6 6. O-O Bf5 7. a3 e6 8. Bg5
Be7 9. Bd3 Ne4 10. Bxe7 Qxe7 11. c3 O-O 12. Qe2 Nd6 13. Nbd2 Bxd3 14. Qxd3 Na5
15. Rfe1 Nac4 16. Nxc4 Nxc4 17. Qe2 Rac8 18. Ne5 Nxe5 19. Qxe5 Qc7 20. Qh5 Qf4
21. Re3 Rc6 22. g3 Qf6 23. Rf3 Qg6 24. Qxg6 hxg6 25. Re3 Rb6 26. Re2 Rc8 27.
Rf1 Rb3 1/2-1/2

[Event "Int. Stuttgarter Stadtmeisterschaft B"]
[Site "Ditzingen"]
[Date "2016.05.06"]
[Round "4.24"]
[White "Fais, Sami"]
[Black "Domingos, Antonio"]
[Result "1-0"]
[WhiteElo "1827"]
[BlackElo "1659"]
[PlyCount "105"]
[EventDate "2016.??.??"]
[WhiteTeam "VfL Sindelfingen"]

1. Nf3 d5 2. d4 Nf6 3. c4 c6 4. Nc3 Bg4 5. Bf4 a6 6. e3 e6 7. Qb3 b6 8. Bxb8
Bxf3 9. Be5 Bh5 10. Bxf6 gxf6 11. cxd5 cxd5 12. Rc1 b5 13. Nxb5 axb5 14. Bxb5+
Ke7 15. Qb4+ Qd6 16. Rc7+ Kd8 17. Qxd6+ Bxd6 18. Rd7+ Kc8 19. Rxd6 Rxa2 20. O-O
Rxb2 21. Rc1+ Kb7 22. Ba6+ Kb8 23. h3 f5 24. Rd7 Rb6 25. Ra1 Rg8 26. Bd3 Rb7
27. Rd6 Kc7 28. Raa6 Kb8 29. Rdc6 Rb3 30. Rab6+ Rxb6 31. Rxb6+ Kc7 32. Rb5 Ra8
33. Rb2 Ra3 34. Be2 Bg6 35. Rc2+ Kb6 36. h4 h5 37. Kh2 Rb3 38. Rc8 Ra3 39. Kg3
f6 40. Rf8 f4+ 41. Kxf4 Ra2 42. Rxf6 Bf5 43. Bxh5 Rxf2+ 44. Bf3 Kc6 45. Rxf5
exf5 46. Kxf5 Kd6 47. Kg6 Ke7 48. Kg7 Ra2 49. Bxd5 Ra5 50. Bf3 Ra7 51. h5 Ke6+
52. Kg6 Rc7 53. h6 1-0

[Event "Int. Stuttgarter Stadtmeisterschaft B"]
[Site "Ditzingen"]
[Date "2016.05.06"]
[Round "4.25"]
[White "Ziegler, Michael"]
[Black "Jantos, Stefan"]
[Result "0-1"]
[WhiteElo "1648"]
[BlackElo "1831"]
[PlyCount "60"]
[EventDate "2016.??.??"]
[WhiteTeam "SF Kornwestheim"]
[BlackTeam "SF Oeffingen"]

1. e4 d5 2. exd5 Nf6 3. Nc3 Nxd5 4. Nxd5 Qxd5 5. Qf3 c6 6. c4 Qa5 7. Bd3 Nd7 8.
Ne2 Ne5 9. Qg3 Nxd3+ 10. Qxd3 Bf5 11. Qc3 Qxc3 12. Nxc3 O-O-O 13. b3 Bd3 14.
Bb2 e5 15. O-O-O Bc5 16. Rde1 f6 17. Nd1 Rd7 18. a3 Rhd8 19. b4 Bd4 20. Bxd4
Rxd4 21. Nb2 Bxc4 22. Nxc4 Rxc4+ 23. Kd1 Rd3 24. Re3 Rcd4 25. Rxd3 Rxd3 26. Ke2
Rxa3 27. Rb1 Kc7 28. b5 c5 29. Rb2 b6 30. d3 Ra5 0-1

[Event "Int. Stuttgarter Stadtmeisterschaft B"]
[Site "Ditzingen"]
[Date "2016.05.06"]
[Round "4.26"]
[White "Uhlarz, Jörg"]
[Black "Rieder, Josef"]
[Result "0-1"]
[WhiteElo "1592"]
[BlackElo "1771"]
[PlyCount "130"]
[EventDate "2016.??.??"]
[WhiteTeam "SC Mühlacker"]
[BlackTeam "Stuttgarter SF"]

1. d4 e6 2. c4 Nf6 3. Nc3 Bb4 4. Nf3 c6 5. g3 d5 6. Bg2 Ne4 7. Qc2 Qa5 8. O-O
Bxc3 9. bxc3 Qxc3 10. Qb1 Qxc4 11. Ba3 Nc3 12. Qb2 Na4 13. Qd2 Qc3 14. Qe3 Qxe3
15. fxe3 f6 16. Nd2 Nd7 17. e4 Nc3 18. e3 dxe4 19. Bb4 Nd5 20. Ba3 Nxe3 21.
Bxe4 Nxf1 22. Nc4 Nb6 23. Nd6+ Kd7 24. Rxf1 f5 25. Bd3 g5 26. h3 h5 27. Nf7 Rg8
28. Kh2 Rg7 29. Nd6 Nd5 30. Re1 a5 31. Nc4 Nc7 32. Nb6+ Kd8 33. Bc5 a4 34. Nc4
Nd5 35. Nd6 Kd7 36. Nc4 b5 37. Ne5+ Kc7 38. Rc1 Kb7 39. Bf8 Rg8 40. Ba3 Ra6 41.
Nf7 Bd7 42. Bd6 Rg7 43. Ne5 Ra8 44. Bxb5 cxb5 45. Rc5 Be8 46. Rc1 Rc8 47. Bc5
f4 48. Re1 fxg3+ 49. Kxg3 h4+ 50. Kh2 Bg6 51. Re2 Bf5 52. Rb2 Ka6 53. Re2 Nc3
54. Rb2 g4 55. hxg4 Bxg4 56. a3 Bd1 57. Nc4 Rxc5 58. dxc5 bxc4 59. Rb6+ Ka5 60.
Rxe6 Kb5 61. c6 Rc7 62. Re3 Ne2 63. Re4 Rxc6 64. Rxh4 c3 65. Rb4+ Kc5 0-1

[Event "Int. Stuttgarter Stadtmeisterschaft B"]
[Site "Ditzingen"]
[Date "2016.05.06"]
[Round "4.27"]
[White "Sax, Leon"]
[Black "Kappus, Holger"]
[Result "1-0"]
[WhiteElo "1727"]
[BlackElo "1652"]
[PlyCount "61"]
[EventDate "2016.??.??"]
[WhiteTeam "SK Sachsenheim"]
[BlackTeam "SC Pforzheim"]

1. e4 e6 2. d4 b6 3. Bd3 Bb7 4. Nf3 c5 5. c3 Be7 6. Bf4 d6 7. O-O Nd7 8. Nbd2
Rc8 9. Qe2 Ngf6 10. Ba6 Qc7 11. Bxb7 Qxb7 12. Bxd6 Bxd6 13. e5 Bxe5 14. dxe5
Nd5 15. Ne4 Rc6 16. Nd6+ Rxd6 17. exd6 O-O 18. Rad1 Nf4 19. Qe3 Nd5 20. Qg5 f6
21. Qg4 f5 22. Qh4 Rf6 23. a3 Qa8 24. Qa4 Qb7 25. Qh4 b5 26. Rfe1 Qa8 27. Ne5
Nxe5 28. Rxe5 f4 29. d7 Qd8 30. Rdxd5 h6 31. Rxe6 1-0

[Event "Int. Stuttgarter Stadtmeisterschaft B"]
[Site "Ditzingen"]
[Date "2016.05.06"]
[Round "4.28"]
[White "Gläser, Hartmut"]
[Black "Vuckovic, Nebojsa"]
[Result "0-1"]
[WhiteElo "1741"]
[BlackElo "1626"]
[PlyCount "82"]
[EventDate "2016.??.??"]
[WhiteTeam "PTSV Halle"]
[BlackTeam "SV Reutlingen"]

1. f4 d6 2. Nf3 Nd7 3. e3 h6 4. c4 c6 5. d4 Qc7 6. Bd2 e5 7. fxe5 dxe5 8. Bc3
e4 9. Nfd2 Ndf6 10. Be2 Bd6 11. Nf1 b6 12. Nbd2 Bf5 13. Qc2 Ne7 14. O-O-O a5
15. h3 O-O 16. g4 Bh7 17. Qa4 Rfb8 18. a3 Qd7 19. Rg1 b5 20. cxb5 cxb5 21. Qc2
b4 22. Nb1 bxc3 23. Nxc3 Ra7 24. Rd2 Rc7 25. Kd1 Nfd5 26. a4 Nxc3+ 27. bxc3 Nd5
28. Bb5 Qc8 29. c4 Bb4 30. Rf2 Nc3+ 31. Kc1 Nxb5 32. c5 Nxd4 33. exd4 e3 34.
Qa2 exf2 35. Qxf2 Ba3+ 36. Kd1 Rb1+ 37. Ke2 Qb7 38. Qg3 Rb2+ 39. Nd2 Re7+ 40.
Kd1 Bc2+ 41. Kc1 Rb3+ 0-1

[Event "Int. Stuttgarter Stadtmeisterschaft B"]
[Site "Ditzingen"]
[Date "2016.05.06"]
[Round "4.30"]
[White "Braun, Tobias"]
[Black "Lechler, Walter"]
[Result "1/2-1/2"]
[WhiteElo "1732"]
[BlackElo "1557"]
[PlyCount "52"]
[EventDate "2016.??.??"]
[WhiteTeam "SSV Zuffenhausen"]
[BlackTeam "SK Dinkelsbühl"]

1. d4 d5 2. c4 e6 3. Nf3 Nf6 4. Bg5 Be7 5. e3 O-O 6. Be2 b6 7. Nc3 Bb7 8. O-O
Nbd7 9. Rc1 c5 10. cxd5 Nxd5 11. Bxe7 Qxe7 12. Bb5 Rac8 13. Qa4 Nxc3 14. Rxc3
Bxf3 15. Bxd7 Rc7 16. gxf3 Rxd7 17. dxc5 bxc5 18. Rfc1 Rd5 19. f4 Rfd8 20. Qe4
Qh4 21. Qf3 g6 22. Rxc5 Rd2 23. R5c2 R2d3 24. Rc8 Kg7 25. Rxd8 Qxd8 26. Qe4
Rd1+ 1/2-1/2

[Event "Int. Stuttgarter Stadtmeisterschaft B"]
[Site "Ditzingen"]
[Date "2016.05.06"]
[Round "4.31"]
[White "Stegmiller, Dennis"]
[Black "Zaytsev, Evgeny"]
[Result "0-1"]
[WhiteElo "1454"]
[BlackElo "1723"]
[PlyCount "82"]
[EventDate "2016.??.??"]
[WhiteTeam "TSF Ditzingen"]
[BlackTeam "Stuttgarter SF"]

1. d4 Nf6 2. c4 e6 3. g3 c5 4. Bg2 cxd4 5. Qxd4 Nc6 6. Qd1 Bb4+ 7. Bd2 O-O 8.
Bxb4 Nxb4 9. a3 Nc6 10. Nf3 d5 11. cxd5 Nxd5 12. O-O Qf6 13. Qc2 e5 14. Nc3
Nxc3 15. Qxc3 Be6 16. Rfd1 Rac8 17. Qe3 h6 18. Rd2 Rfe8 19. Ne1 b6 20. Nc2 Bf5
21. Be4 Nd4 22. Nxd4 exd4 23. Rxd4 Bxe4 24. Rxe4 Rxe4 25. Qxe4 Qxb2 26. Rd1
Qxa3 27. Rd7 Qc1+ 28. Kg2 a5 29. Qe7 Qc6+ 30. Kh3 Qe6+ 31. Qxe6 fxe6 32. Ra7
Rc2 33. Ra6 Rb2 34. f4 Kf7 35. e4 Rb4 36. e5 a4 37. Kh4 g5+ 38. Kg4 Kg6 39. h4
h5+ 40. Kf3 gxh4 41. gxh4 Kf5 0-1

[Event "Int. Stuttgarter Stadtmeisterschaft B"]
[Site "Ditzingen"]
[Date "2016.05.06"]
[Round "4.32"]
[White "Kusch, Jacek"]
[Black "Ungerer, Tobias"]
[Result "1-0"]
[WhiteElo "1720"]
[BlackElo "1333"]
[PlyCount "59"]
[EventDate "2016.??.??"]
[WhiteTeam "SV Urach"]
[BlackTeam "Schach-Kids Bernhausen"]

1. e4 c5 2. Nf3 d6 3. d4 cxd4 4. Nxd4 Nf6 5. Nc3 g6 6. f4 Nc6 7. Be2 e5 8. Nf3
Qb6 9. Nd5 Nxd5 10. exd5 Nd4 11. Nxd4 exd4 12. Bd3 Qa5+ 13. Bd2 Qxd5 14. O-O
Be6 15. Qe2 Be7 16. Be4 Qc5 17. Kh1 Bc4 18. Bd3 Rc8 19. Rae1 d5 20. f5 Bxd3 21.
cxd3 Qc7 22. f6 O-O 23. fxe7 Rfe8 24. Bh6 Qd6 25. Bf8 g5 26. Qf2 Qg6 27. Qxd4
Rc2 28. Rf6 Qh5 29. Rh6 Qe2 30. Qg7# 1-0

[Event "Int. Stuttgarter Stadtmeisterschaft B"]
[Site "Ditzingen"]
[Date "2016.05.06"]
[Round "4.33"]
[White "Butenandt, Svenja"]
[Black "Vaclahovsky, Gerhard"]
[Result "1/2-1/2"]
[WhiteElo "1451"]
[BlackElo "1702"]
[PlyCount "26"]
[EventDate "2016.??.??"]
[WhiteTeam "TV Tegernsee"]
[BlackTeam "SK Keres-Augsburg"]

1. e4 d6 2. d4 Nf6 3. Nc3 g6 4. Nf3 Bg7 5. Bf4 O-O 6. Qd2 b6 7. O-O-O Bb7 8.
Bd3 e6 9. Bh6 Qe7 10. Bxg7 Kxg7 11. h4 Ba6 12. Bxa6 Nxa6 13. Kb1 Rac8 1/2-1/2

[Event "Int. Stuttgarter Stadtmeisterschaft B"]
[Site "Ditzingen"]
[Date "2016.05.06"]
[Round "4.34"]
[White "Zou, Kuangda Konrad"]
[Black "Helmich, Jörg"]
[Result "1/2-1/2"]
[WhiteElo "1432"]
[BlackElo "1700"]
[PlyCount "34"]
[EventDate "2016.??.??"]
[WhiteTeam "SGem Vaihingen-Rohr"]
[BlackTeam "Regensburger Turnerschaft"]

1. e4 e6 2. d4 d5 3. exd5 exd5 4. Bd3 Bd6 5. Nf3 Ne7 6. Be3 Bf5 7. c3 Bxd3 8.
Qxd3 c6 9. Nbd2 Qd7 10. Nf1 Nf5 11. Bd2 Qe6+ 12. Ne3 Nxe3 13. Bxe3 Qg6 14. Qxg6
hxg6 15. Ne5 Nd7 16. Nd3 O-O-O 17. Bf4 Bxf4 1/2-1/2

[Event "Int. Stuttgarter Stadtmeisterschaft B"]
[Site "Ditzingen"]
[Date "2016.05.06"]
[Round "4.35"]
[White "Limley, Gerhard"]
[Black "Behm, Wilfried"]
[Result "0-1"]
[WhiteElo "1606"]
[BlackElo "1828"]
[PlyCount "108"]
[EventDate "2016.??.??"]
[WhiteTeam "SV Dicker Turm Esslingen"]
[BlackTeam "SV Stuttgart-Wolfbusch"]

1. d4 d5 2. Nf3 Nf6 3. Bf4 e6 4. e3 c5 5. dxc5 Bxc5 6. c3 O-O 7. Bd3 Nbd7 8.
Nbd2 Re8 9. Bc2 e5 10. Bg3 Qe7 11. O-O h6 12. Nb3 Bb6 13. Re1 e4 14. Nfd4 Ne5
15. h3 Ng6 16. f4 exf3 17. Qxf3 Ne5 18. Qe2 Nc4 19. Bf2 Nxb2 20. Nd2 Bd7 21.
Bb3 Na4 22. Bxa4 Bxa4 23. Qd3 Bc7 24. N2f3 Bc6 25. Nb3 Rad8 26. Nbd4 Bd7 27.
Ne2 Bc8 28. Nf4 Qd6 29. Kf1 Ne4 30. Ne2 Bf5 31. Qd1 Nxf2 32. Kxf2 Bb6 33. Ned4
Be4 34. Nd2 Bg6 35. N2f3 Qf6 36. Qd2 Be4 37. Rac1 Re5 38. Kg1 Rh5 39. Qf2 Re8
40. Re2 Qe7 41. Ree1 Rc8 42. Qd2 Qf6 43. Qf2 Qg6 44. Kh1 Re8 45. Ng1 Bc7 46.
Rf1 Bd3 47. Rfd1 Qd6 48. Ndf3 Be4 49. Rd4 Bb6 50. Rd2 Rf5 51. Re1 Qc5 52. Ne2
Bxf3 53. gxf3 Rxe3 54. Ng3 Rfxf3 0-1

[Event "Int. Stuttgarter Stadtmeisterschaft B"]
[Site "Ditzingen"]
[Date "2016.05.06"]
[Round "4.36"]
[White "Tölg, Wolfgang"]
[Black "Grünert, Thomas"]
[Result "0-1"]
[WhiteElo "1598"]
[BlackElo "1807"]
[PlyCount "90"]
[EventDate "2016.??.??"]
[WhiteTeam "SF Oeffingen"]
[BlackTeam "SF Illingen"]

1. e4 c5 2. Nf3 e6 3. d4 cxd4 4. Nxd4 Nf6 5. Nc3 Bb4 6. Bd3 Nc6 7. Nxc6 dxc6 8.
Bg5 e5 9. O-O Be6 10. Qe1 Qe7 11. a3 Ba5 12. b4 Bc7 13. Na4 Rd8 14. Nc5 Bb6 15.
Na4 Bc7 16. Qe2 b5 17. Nb2 h6 18. Bh4 g5 19. Bg3 Bg4 20. f3 Bh5 21. h3 Bg6 22.
c4 a6 23. c5 Nh5 24. Bf2 Nf4 25. Qe3 h5 26. Be2 Qe6 27. Rfd1 O-O 28. Nd3 f5 29.
Kh2 Kg7 30. Ne1 Rd4 31. Nc2 Rfd8 32. Kg1 fxe4 33. Nxd4 exd4 34. Rxd4 Rxd4 35.
Bf1 Be5 36. Re1 Bf5 37. Qc1 exf3 38. Bxd4 Bxd4+ 39. Kh1 Qd5 40. Qd2 Kf6 41.
gxf3 Bxh3 42. Bxh3 Nxh3 43. Kg2 Nf4+ 44. Kg3 h4+ 45. Kh2 Bg1+ 0-1

[Event "Int. Stuttgarter Stadtmeisterschaft B"]
[Site "Ditzingen"]
[Date "2016.05.06"]
[Round "4.37"]
[White "Auterhoff, Jürgen"]
[Black "Petitto, Francesco"]
[Result "1-0"]
[WhiteElo "1772"]
[BlackElo "1595"]
[PlyCount "45"]
[EventDate "2016.??.??"]
[WhiteTeam "SC Pasing"]
[BlackTeam "SK Sontheim/Brenz"]

1. e4 c5 2. Nf3 Nc6 3. d4 cxd4 4. Nxd4 g6 5. Be2 Bg7 6. Be3 d5 7. exd5 Qxd5 8.
Bf3 Qa5+ 9. c3 Ne5 10. Nd2 Nd3+ 11. Kf1 Nxb2 12. Qb3 Na4 13. Qb5+ Qxb5+ 14.
Nxb5 Bxc3 15. Nxc3 Nxc3 16. Bd4 Nf6 17. Bxc3 O-O 18. Rb1 Rd8 19. Ke2 Nd5 20.
Bxd5 Rxd5 21. Rhd1 Rc5 22. Ne4 Rc7 23. Rd8# 1-0

[Event "Int. Stuttgarter Stadtmeisterschaft B"]
[Site "Ditzingen"]
[Date "2016.05.06"]
[Round "4.38"]
[White "Schreiber, Winfried"]
[Black "Wohlt, Harald"]
[Result "0-1"]
[WhiteElo "1575"]
[BlackElo "1735"]
[PlyCount "56"]
[EventDate "2016.??.??"]
[BlackTeam "Stuttgarter SF"]

1. c4 Nf6 2. Nc3 g6 3. Nf3 Bg7 4. g3 c5 5. Bg2 Nc6 6. O-O O-O 7. d4 cxd4 8.
Nxd4 Nxd4 9. Qxd4 d6 10. Be3 Ng4 11. Qd2 Nxe3 12. Qxe3 a6 13. Rad1 Be6 14. Bxb7
Rb8 15. Bxa6 Rxb2 16. Rb1 Rxb1 17. Rxb1 Qa5 18. Qa7 Qxc3 19. Rb8 Qe1+ 20. Kg2
Bh3+ 21. Kxh3 Qf1+ 22. Kg4 f5+ 23. Kf3 Qh1+ 24. Ke3 Bh6+ 25. Kd3 Qd1+ 26. Kc3
Bg7+ 27. Kb4 Qb1+ 28. Ka4 Rxb8 0-1

[Event "Int. Stuttgarter Stadtmeisterschaft B"]
[Site "Ditzingen"]
[Date "2016.05.06"]
[Round "4.39"]
[White "Kast, Larissa"]
[Black "Schreiber, Stephan"]
[Result "1-0"]
[WhiteElo "1567"]
[BlackElo "1730"]
[PlyCount "79"]
[EventDate "2016.??.??"]
[WhiteTeam "SK Ettlingen"]
[BlackTeam "SC Botnang"]

1. e4 c5 2. Nf3 d6 3. d4 cxd4 4. Nxd4 Nf6 5. f3 a6 6. c4 e6 7. Nc3 Be7 8. Be3
O-O 9. Be2 Bd7 10. O-O Nc6 11. b3 Rc8 12. Qd2 Nxd4 13. Bxd4 Bc6 14. Rad1 Qc7
15. Qe3 Nd7 16. Qf2 Qa5 17. Qe1 Qc7 18. Qg3 e5 19. Be3 Kh8 20. Rd2 Nf6 21. Qf2
Qa5 22. Rc2 Nd7 23. Bd2 Qc7 24. Be3 f5 25. exf5 Rxf5 26. Bd3 Rf7 27. Qg3 Nf6
28. Bf5 Bd7 29. Nd5 Nxd5 30. cxd5 Qd8 31. Rxc8 Bxc8 32. Bxc8 Qxc8 33. Rc1 Qf5
34. Qe1 Qd7 35. Qc3 h6 36. Qc8+ Bd8 37. Bb6 Kh7 38. Qxd8 Qb5 39. Bf2 Rd7 40.
Qe8 1-0

[Event "Int. Stuttgarter Stadtmeisterschaft B"]
[Site "Ditzingen"]
[Date "2016.05.06"]
[Round "4.40"]
[White "Weißenberger, Mario"]
[Black "Wagner, Dimitrij"]
[Result "1-0"]
[WhiteElo "1725"]
[BlackElo "1445"]
[PlyCount "57"]
[EventDate "2016.??.??"]
[WhiteTeam "Ssg Fils-Lauter"]
[BlackTeam "SV Hülzweiler"]

1. e4 c6 2. d4 d5 3. e5 Bf5 4. Nf3 e6 5. Be3 Nd7 6. Nbd2 Qc7 7. Be2 c5 8. c3
Ne7 9. Nb3 Nc6 10. Nh4 Bg6 11. Nxg6 hxg6 12. O-O f6 13. f4 f5 14. dxc5 O-O-O
15. Nd4 Re8 16. Nb5 Qd8 17. b4 Qh4 18. h3 Be7 19. Nd6+ Bxd6 20. cxd6 Qg3 21.
Rf3 Qh4 22. b5 Ncxe5 23. fxe5 Nxe5 24. Rf4 Qg3 25. Qd4 Rxh3 26. Qc5+ Nc6 27.
bxc6 Qh2+ 28. Kf1 Qh1+ 29. Bg1 1-0

[Event "Int. Stuttgarter Stadtmeisterschaft B"]
[Site "Ditzingen"]
[Date "2016.05.06"]
[Round "4.42"]
[White "Herbst, Rudolf"]
[Black "Sprenger, Klaus"]
[Result "1-0"]
[WhiteElo "1648"]
[BlackElo "1419"]
[PlyCount "77"]
[EventDate "2016.??.??"]
[WhiteTeam "SG Fasanenhof"]
[BlackTeam "TSF Ditzingen"]

1. c4 c5 2. Nc3 Nc6 3. Nf3 g6 4. d4 cxd4 5. Nxd4 Bg7 6. Be3 Nf6 7. Nxc6 bxc6 8.
Bd4 O-O 9. g3 Re8 10. e4 e5 11. Be3 Qa5 12. a3 Nxe4 13. b4 Nxc3 14. bxa5 Nxd1
15. Rxd1 e4 16. Rb1 d5 17. cxd5 cxd5 18. Bb5 Bc3+ 19. Bd2 Bxd2+ 20. Kxd2 Re7
21. Bc6 Bb7 22. Rxb7 Rxb7 23. Bxb7 Rd8 24. Rc1 Kg7 25. Rc5 f5 26. Rxd5 Rxd5+
27. Bxd5 Kf6 28. Ke3 Ke5 29. Bb7 h6 30. f3 exf3 31. Bxf3 g5 32. h3 Kf6 33. h4
Ke5 34. hxg5 hxg5 35. Bb7 Kf6 36. Kd4 Ke6 37. Bc8+ Kf6 38. a6 f4 39. g4 1-0